000 00408pab a2200157 454500
008 180718b2004 xxu||||| |||| 00| 0 eng d
100 _aJohnson, Richard R.
245 _aPolice officer frustrations about handling domestic violence calls
260 _c2004
300 _ap.207-19.
650 _aViolence
650 _aDomestic violence
650 _aPolice
773 _aPolice Journal
909 _a63751
999 _c63751
_d63751